Algunas consideraciones acerca de la reproducción de la fuerza de trabajo en la agricultura de exportación en Centroamérica: el caso de los trabajadores temporeros /

Đã lưu trong:
Chi tiết về thư mục
Tác giả chính: Sepúlveda, Jaime
Định dạng: Texto
Ngôn ngữ:Spanish
Những chủ đề:
Các nhãn: Thêm thẻ
Không có thẻ, Là người đầu tiên thẻ bản ghi này!

MARC

LEADER 00000 a a2200000 04500
001 47621
003 cru IIS
005 20220523151126.0
008 220523b1992 ni ||||| |||| 00| 0 spa d
040 |c cru IIS/UCR 
090 |a REV0857 8 (22) 1982  
100 |a Sepúlveda, Jaime  
245 |a Algunas consideraciones acerca de la reproducción de la fuerza de trabajo en la agricultura de exportación en Centroamérica:   |b el caso de los trabajadores temporeros /  |c Jaime Sepúlveda  
650 |a TRABAJO  
650 |a AGRICULTURA  
650 |a EXPORTACION  
650 |a TRABAJADORES  
650 |a CENTROAMERICA  
773 |g volumen8, número22, mayo-agosto (1982)  
942 |2 z  |c PP 
999 |c 30812  |d 30812